00454nam a2200157Ia 450000500170000000800410001708200130005810000180007124500180008926000410010730000130014865000170016194200060017895200970018499900150028120250411011535.0240331s9999 xx 000 0 und d bAMAa891 aAmarasekara,G 0aGamanaka mula aColombobLake House Investmentc1984 a201 p ., aFamily Story cL 001040708LaWERCLbWERCLcSSCd2024-03-31l0o 891.48 AMAp957r2024-03-31w2024-03-31yL c4819d4819